[Event "SK Dülmen 1 - SK Bocholt 1"]
[Site "Regionalliga 2016/2017"]
[Date "2016.09.17"]
[Round "1.8"]
[White "Ulunque Villazón, Humberto"]
[Black "Robeling, Stephan"]
[Result "1/2-1/2"]
[WhiteElo "1672"]
[BlackElo "1820"]
[PlyCount "50"]
[EventDate "2016.??.??"]
[SourceDate "2016.10.07"]

1. e4 e6 2. d4 d5 3. e5 c5 4. c3 Nc6 5. Nf3 Qb6 6. Be2 cxd4 7. cxd4 Nge7 8. Nc3
Nf5 9. Bb5 Bd7 10. Bxc6 bxc6 11. O-O c5 12. dxc5 Bxc5 13. Na4 Qc7 14. Nxc5 Qxc5
15. b3 O-O 16. Bb2 Rfc8 17. Nd4 Nxd4 18. Bxd4 Qa5 19. a3 a6 20. f4 Qc7 21. Qf3
Bb5 22. Rfe1 Qc2 23. Re3 Qc1+ 24. Re1 Qc2 25. Re3 Qc1+ 1/2-1/2

[Event "SK Münster 3 - Südlohner SV 1"]
[Site "Regionalliga 2016/2017"]
[Date "2016.09.17"]
[Round "1.2"]
[White "Baumann, Stephan"]
[Black "Völker, Christian"]
[Result "0-1"]
[WhiteElo "2003"]
[BlackElo "2004"]
[PlyCount "134"]
[EventDate "2016.??.??"]
[SourceDate "2016.10.07"]

1. e4 e5 2. Nf3 Nc6 3. Bb5 a6 4. Bxc6 dxc6 5. O-O Bg4 6. d3 Bd6 7. Be3 f6 8.
Nbd2 Ne7 9. c3 Qd7 10. Nc4 O-O 11. d4 exd4 12. cxd4 Ng6 13. Nxd6 Qxd6 14. h3
Bxf3 15. Qxf3 Rfe8 16. Rfe1 Rad8 17. Rad1 Qb4 18. b3 a5 19. h4 Nxh4 20. Qf4 Ng6
21. Qxc7 Qb5 22. Rc1 Rc8 23. Qd7 Rcd8 24. Qc7 Rc8 25. Qd7 Nf8 26. Qg4 Ne6 27.
d5 Nf8 28. f3 Ng6 29. Rc5 Qb4 30. Rd1 Rcd8 31. Rc4 Qb5 32. d6 Ne5 33. Qh3 Nxc4
34. bxc4 Qa4 35. Rd2 Qxc4 36. Qf5 Re5 37. Qf4 Qe6 38. Rb2 Rd7 39. Bd4 Qxd6 40.
Bxe5 Qxe5 41. Qc1 Qd4+ 42. Kh2 h5 43. Qc2 g5 44. Rb1 Kg7 45. Qe2 h4 46. f4 Re7
47. fxg5 fxg5 48. Qg4 Qe5+ 49. Kh1 Kg6 50. Re1 Qf4 51. Qc8 Qe5 52. Qg4 Re6 53.
Qf3 Rf6 54. Qb3 Rf7 55. Qh3 a4 56. Qc8 Kg7 57. Qd8 Qg3 58. Rd1 h3 59. gxh3
Qxh3+ 60. Kg1 Qg4+ 61. Kh1 Qxe4+ 62. Kg1 Qe3+ 63. Kh1 b5 64. a3 g4 65. Rd7 Qf3+
66. Kg1 Qf1+ 67. Kh2 g3+ 0-1

[Event "SK Münster 3 - Südlohner SV 1"]
[Site "Regionalliga 2016/2017"]
[Date "2016.09.17"]
[Round "1.3"]
[White "Dönnebrink, Elmar"]
[Black "Ollech, Dirk"]
[Result "1-0"]
[WhiteElo "2040"]
[BlackElo "1929"]
[PlyCount "95"]
[EventDate "2016.??.??"]
[SourceDate "2016.10.07"]

1. e4 c5 2. Nf3 d6 3. d4 cxd4 4. Qxd4 Nc6 5. Bb5 Bd7 6. Bxc6 Bxc6 7. Nc3 Nf6 8.
Bg5 e6 9. O-O-O Be7 10. Rhe1 O-O 11. Qd2 Qb6 12. Nd4 Rfe8 13. f3 Rac8 14. g4
Qa5 15. Kb1 a6 16. Nd5 Qxd2 17. Nxe7+ Rxe7 18. Rxd2 Rec7 19. c4 h6 20. Bh4 Be8
21. b3 b5 22. cxb5 axb5 23. Bg3 Rd8 24. h4 Rc3 25. Kb2 b4 26. g5 hxg5 27. hxg5
Nh5 28. Bh2 g6 29. Rc1 Rdc8 30. Ne2 Rxc1 31. Nxc1 Rc3 32. Rd3 Rxd3 33. Nxd3 Bb5
34. Kc2 e5 35. Kd2 Ng7 36. Nxb4 Ne6 37. a4 Bd7 38. Nd5 Kf8 39. f4 Nd4 40. Kc3
Nf3 41. Bg3 Bc6 42. a5 Nd4 43. Bf2 Ne2+ 44. Kc4 Nxf4 45. b4 Ne6 46. b5 Ba8 47.
a6 Ke8 48. b6 1-0

[Event "SK Münster 3 - Südlohner SV 1"]
[Site "Regionalliga 2016/2017"]
[Date "2016.09.17"]
[Round "1.4"]
[White "Meyer, Ulrich"]
[Black "Funke, Reinhard"]
[Result "0-1"]
[WhiteElo "1953"]
[BlackElo "2015"]
[PlyCount "70"]
[EventDate "2016.??.??"]
[SourceDate "2016.10.07"]

1. d4 d5 2. Bf4 e6 3. e3 Bd6 4. Bd3 Bxf4 5. exf4 c5 6. dxc5 Qa5+ 7. Nd2 Nf6 8.
Ngf3 Qxc5 9. O-O O-O 10. Ne5 Qb4 11. g3 Qxb2 12. Nb3 Qc3 13. Qf3 Qc7 14. g4 Nc6
15. Rfe1 g6 16. h4 Nxe5 17. fxe5 Nd7 18. g5 b6 19. Qf4 f6 20. gxf6 Nxf6 21. Qg5
Nh5 22. Re3 Qf7 23. Rf1 Qf4 24. Nc1 Qxg5+ 25. hxg5 Rf4 26. f3 Bd7 27. Ne2 Ra4
28. Nc3 Ra3 29. Be2 d4 30. Rd3 Rxc3 31. Rxd4 Bc6 32. Bc4 Rxc4 33. Rxc4 Bb5 34.
Rc7 Bxf1 35. Kxf1 Nf4 0-1

[Event "SK Münster 3 - Südlohner SV 1"]
[Site "Regionalliga 2016/2017"]
[Date "2016.09.17"]
[Round "1.5"]
[White "Telöken, Daniel"]
[Black "Baumann, Eva"]
[Result "1-0"]
[WhiteElo "1885"]
[BlackElo "1673"]
[PlyCount "83"]
[EventDate "2016.??.??"]
[SourceDate "2016.10.07"]

1. c4 e5 2. g3 Nc6 3. Bg2 f5 4. Nc3 Bb4 5. Nd5 Bc5 6. e3 Nf6 7. Ne2 Nxd5 8.
cxd5 Ne7 9. O-O d6 10. d4 Bb6 11. dxe5 dxe5 12. b3 O-O 13. Ba3 Rf6 14. Nc3 a6
15. Na4 Ba7 16. Qd2 Rb8 17. Rac1 b5 18. Nc5 e4 19. Rfd1 Bxc5 20. Bxc5 Bb7 21.
d6 cxd6 22. Bxd6 Rc8 23. Be5 Qxd2 24. Rxc8+ Bxc8 25. Rxd2 Rc6 26. f3 exf3 27.
Bxf3 Re6 28. Bf4 Kf8 29. Rd8+ Kf7 30. Bg5 h6 31. Bxe7 Kxe7 32. Rxc8 Rxe3 33.
Kf2 Rd3 34. Ke2 Rd6 35. Rc7+ Kf6 36. Rc6 Rxc6 37. Bxc6 Ke5 38. Ke3 g5 39. b4
f4+ 40. gxf4+ gxf4+ 41. Kf3 Kd4 42. Bb7 1-0

[Event "SK Münster 3 - Südlohner SV 1"]
[Site "Regionalliga 2016/2017"]
[Date "2016.09.17"]
[Round "1.6"]
[White "Borrink, Guido"]
[Black "Telöken, Andreas"]
[Result "1/2-1/2"]
[WhiteElo "1625"]
[BlackElo "1980"]
[PlyCount "51"]
[EventDate "2016.??.??"]
[SourceDate "2016.10.07"]

1. d4 e6 2. Nf3 f5 3. Bg5 Be7 4. Bxe7 Qxe7 5. e3 Qb4+ 6. Nbd2 Qxb2 7. Ne5 Nf6
8. Be2 Nc6 9. Nd3 Qa3 10. Bf3 Qe7 11. Rb1 d5 12. c4 O-O 13. O-O Nd8 14. c5 c6
15. Be2 Ne4 16. Qc2 Nxd2 17. Qxd2 Qc7 18. a4 Bd7 19. a5 Be8 20. Rb2 Rf6 21. Ne5
Rh6 22. f4 Qe7 23. g3 Bh5 24. Bxh5 Rxh5 25. Qe2 Rh6 26. a6 1/2-1/2

[Event "SK Münster 3 - Südlohner SV 1"]
[Site "Regionalliga 2016/2017"]
[Date "2016.09.17"]
[Round "1.7"]
[White "Schmeing, Walter"]
[Black "Stremmer, Hans-Dieter"]
[Result "1-0"]
[WhiteElo "1990"]
[BlackElo "1765"]
[PlyCount "68"]
[EventDate "2016.??.??"]
[SourceDate "2016.10.07"]

1. e4 c5 2. Nf3 g6 3. d4 Bg7 4. dxc5 Qa5+ 5. c3 Qxc5 6. Be3 Qc7 7. Bd3 d6 8.
O-O Nf6 9. h3 O-O 10. Nbd2 b6 11. a4 Nbd7 12. Nd4 Nc5 13. Bc2 Bb7 14. f3 Rfc8
15. N2b3 Nxb3 16. Bxb3 Nd7 17. Re1 Ne5 18. a5 Nc4 19. a6 Nxe3 20. Rxe3 Bxd4 21.
cxd4 Bc6 22. f4 Be8 23. Bd5 Bc6 24. Bb3 Be8 25. Qf3 e6 26. f5 Bd7 27. Qg3 exf5
28. Bd5 Bc6 29. Bxc6 Qxc6 30. exf5 Re8 31. f6 d5 32. Rf1 Re6 33. Qg5 Rae8 34.
Qh6 Rxf6 1-0

[Event "SK Münster 3 - Südlohner SV 1"]
[Site "Regionalliga 2016/2017"]
[Date "2016.09.17"]
[Round "1.8"]
[White "Ende, Günther"]
[Black "Sparwel, Oliver"]
[Result "0-1"]
[WhiteElo "1697"]
[BlackElo "1905"]
[PlyCount "72"]
[EventDate "2016.??.??"]
[SourceDate "2016.10.07"]

1. e4 d6 2. d4 Nf6 3. Bd3 e5 4. dxe5 dxe5 5. Bb5+ Nbd7 6. Nf3 c6 7. Bd3 Qc7 8.
Bg5 Be7 9. Nbd2 Nc5 10. Bxf6 Bxf6 11. Qe2 O-O 12. O-O b5 13. Nb3 Nxb3 14. cxb3
a6 15. b4 Be6 16. Qc2 Be7 17. Qc3 f6 18. a3 Rfd8 19. Be2 Rac8 20. Rac1 c5 21.
bxc5 Bxc5 22. Kh1 Qb7 23. Rfd1 Rxd1+ 24. Bxd1 Bxf2 25. Qd2 Rxc1 26. Qxc1 Qxe4
27. Bc2 Qd5 28. Qb1 f5 29. b4 e4 30. Ng5 Kh8 31. Nxe6 Qxe6 32. Qd1 Bb6 33. Bb3
Qe5 34. g3 e3 35. Qc1 Qe4+ 36. Kg1 e2+ 0-1